000 00413nam a2200157 i 4500
001 128863
003 ES-MaACL
005 20230906193358.0
007 t|
008 070529s1971 sp ||||1| spa d
245 0 0 _aTeleclub.-Marey (Lugo)
_b: Memoria.
260 _a[Lugo :
_bLa voz de la verdad],
_c1971.
300 _a63 p. :
_bil. ;
_c16 cm.
500 _aApaisado.
852 _aES-MaACL
_jC-47700
_bR.80319
999 _c128863
_d128863